| Tag |
First Indicator |
Second Indicator |
Subfields |
| LEADER |
00000cem a2200000Ii 4500 |
| 001 |
in00004169321 |
| 005 |
20240208183558.5 |
| 007 |
aj canzn |
| 008 |
200626s1944 dcu a f 1 eng d |
| 034 |
1 |
|
|a a
|b 804672
|d E1352000
|e E1362500
|f S0003300
|g S0011200
|2 bound
|
| 034 |
1 |
|
|a a
|b 2011680
|d W0050900
|e E0070600
|f N0532700
|g N0471000
|2 bound
|
| 034 |
1 |
|
|a a
|b 1609344
|d E0112300
|e E0145000
|f N0424300
|g N0410800
|2 bound
|
| 035 |
|
|
|a (OCoLC)on1159989728
|
| 035 |
|
|
|a (OCoLC)1159989728
|
| 040 |
|
|
|a TXA
|b eng
|e rda
|c TXA
|d UtOrBLW
|
| 043 |
|
|
|a e-it---
|a a-pp---
|a e-fr---
|a e-be---
|a e-uk-en
|a e-ne---
|
| 049 |
|
|
|a TXAM
|
| 050 |
|
4 |
|a G3201.S7 1944
|b .U5 v. 3 no.8F
|
| 052 |
|
|
|a 3201
|
| 110 |
1 |
|
|a United States.
|b Army Service Forces.
|b Army Information Branch.
|0 http://id.loc.gov/authorities/names/n2010046565
|
| 245 |
1 |
0 |
|a Newsmap for the Armed Forces.
|p The war fronts /
|c prepared and distributed by Army Information Branch.
|
| 246 |
3 |
0 |
|a War fronts
|
| 250 |
|
|
|a Overseas edition.
|
| 255 |
|
|
|a Scale approximately 1:804,672
|c (E 135°20ʹ00ʺ--E 136°25ʹ00ʺ/S 0°33ʹ00ʺ--S 1°12ʹ00ʺ)
|
| 255 |
|
|
|a Scale approximately 1:2,011,680
|c (W 5°09ʹ00ʺ--E 7°06ʹ00ʺ/N 53°27ʹ00ʺ--N 47°10ʹ00ʺ)
|
| 255 |
|
|
|a Scale approximately 1:1,609,344
|c (E 11°23ʹ00ʺ--E 14°50ʹ00ʺ/N 42°43ʹ00ʺ--N 41°08ʹ00ʺ)
|
| 264 |
|
1 |
|a Washington, D.C. :
|b Army Information Branch,
|c 1944.
|
| 300 |
|
|
|a 3 maps on 1 sheet :
|c 22 x 53 cm or smaller, on sheet 45 x 61 cm.
|
| 336 |
|
|
|a cartographic image
|b cri
|2 rdacontent
|
| 337 |
|
|
|a unmediated
|b n
|2 rdamedia
|
| 338 |
|
|
|a sheet
|b nb
|2 rdacarrier
|
| 490 |
1 |
|
|a Newsmap ;
|v v. 3, no. 8F
|
| 500 |
|
|
|a "248th week of the war. 130th week of U.S. Participation."
|
| 500 |
|
|
|a "Monday, June 19, 1944. Week of June 1 to June 8. Volume III Number 8F."
|
| 500 |
|
|
|a "Prepared from public sources of information."
|
| 500 |
|
|
|a Includes text.
|
| 500 |
|
|
|a Map of Italy shows "battle lines as of 11 May 1944."
|
| 500 |
|
|
|a Map of Schouten Islands includes location map.
|
| 500 |
|
|
|a Map of The Channel Coast orinted with north towards upper right corner.
|
| 500 |
|
|
|a On verso [color poster]: "The battle-line is where the Infantry is" with text and photograph.
|
| 500 |
|
|
|a On verso: "Volume III No [illegible]."
|
| 500 |
|
|
|a Purchased for the Cushing Library/Ragan Military collection by The Cushing Library.
|
| 505 |
0 |
|
|a Schouten Islands -- The Channel Coast -- Italy.
|
| 650 |
|
0 |
|a World War, 1939-1945
|v Maps.
|0 http://id.loc.gov/authorities/subjects/sh85148439
|
| 650 |
|
0 |
|a World War, 1939-1945
|z Italy
|v Maps.
|
| 650 |
|
0 |
|a World War, 1939-1945
|z Papua New Guinea
|z Schouten Islands
|v Maps.
|
| 650 |
|
0 |
|a World War, 1939-1945
|z France
|v Maps.
|
| 650 |
|
0 |
|a World War, 1939-1945
|z Belgium
|v Maps.
|
| 650 |
|
0 |
|a World War, 1939-1945
|z England
|v Maps.
|
| 650 |
|
0 |
|a World War, 1939-1945
|z Netherlands
|v Maps.
|
| 650 |
|
0 |
|a War posters, American.
|0 http://id.loc.gov/authorities/subjects/sh87007369
|
| 655 |
|
7 |
|a Maps.
|2 lcgft
|0 http://id.loc.gov/authorities/genreForms/gf2011026387
|
| 655 |
|
7 |
|a Military maps.
|2 lcgft
|
| 830 |
|
0 |
|a Newsmap ;
|v v. 3, no. 8F.
|
| 994 |
|
|
|a C0
|b TXA
|
| 948 |
|
|
|a cataloged
|b h
|c 2020/6/2 6
|d o
|e sladdusaw
|f 3:33:03 pm
|
| 999 |
f |
f |
|s 51d470bd-684c-306b-ae1d-2bea060c87a4
|i 20bd523d-7ff3-37bc-b1a6-fdd3679d0b1a
|t 0
|
| 952 |
f |
f |
|p noncirc
|a Texas A&M University
|b College Station
|c Cushing Memorial Library & Archives
|d Cushing: Ragan Military (Does not check out)
|t 0
|e G3201.S7 1944 .U5 v. 3 no.8F
|h Library of Congress classification
|i unmediated -- sheet
|
| 998 |
f |
f |
|a G3201.S7 1944 .U5 v. 3 no.8F
|t 0
|l Cushing: Ragan Military (Does not check out)
|